| 000 | 00963nam a2200205 a 4500 | ||
|---|---|---|---|
| 001 | 001024547 | ||
| 003 | AM-YeHGA | ||
| 005 | 20250617150726.0 | ||
| 008 | 140612s1974 ||| r 000 0 rus d | ||
| 040 | _aAM-YeHGA | ||
| 041 | 0 | _arus | |
| 100 | 1 | _aБуров, Григорий Михайлович | |
| 245 | 1 | 0 |
_aАрхеологические культуры Севера Европейской части СССР : _b(Северодвинский край) : Учебное пособие для студентов-историков / _cГ.М. Буров; Отв. ред. В.В. Казюхин; Ульянов. гос. пед. ин-т. |
| 260 |
_aУльяновск : _bБ. и., _c1974. |
||
| 300 | _a120 с. | ||
| 650 | 1 | 4 | _aАрхеология - Северо-Восток СССР |
| 653 | 0 | _aСеверо-Восток СССР -Археологические культуры | |
| 700 | 1 |
_aКазюхин, В.В. _eред. _4edt |
|
| 090 | _c338720 | ||
| 999 |
_c336941 _d336941 |
||